000 01169cam a2200349 i 4500
001 4058487
003 EG-ScBUE
005 20250615081818.0
008 850102s2007 ii a f b 001 0 eng d
020 _a8121928133
020 _a9788121928137
040 _aDLC/ICU
_beng
_erda
_cICU
_dDLC
_dEG-ScBUE
082 0 4 _a536.1
_bLAL
_222
100 1 _aLal, Brij,
_eauthor.
_91915
245 1 0 _aHeat thermodynamics and statistical physics /
_cBrij Lal, N. Subrahmanyam ; revised by P. S. Hemne.
250 _aMulticolour edition.
264 1 _aNew Delhi :
_bS. Chand & Company,
_c2007.
300 _a652 pages :
_bcolor illustrations ;
_c24 cm.
336 _2rdacontent
_atext
_btxt
337 _aunmediated
_2rdamedia
_bn
338 _avolume
_bnc
_2rdacarrier
504 _aIncludes bibliographical references and index.
521 _afor B.SC. classes as per UGC Model Syllabus.
650 7 _aStatistical mechanics.
_2BUEsh
_91920
650 0 _aHeat.
_2BUEsh
650 0 _aQuantum theory
_91883
_2BUEsh
651 _2BUEsh
655 _vReading book
700 1 _aSubrahmanyam, N.,
_eauthor.
_91916
700 1 _aHemne, P. S.,
_ereviewer.
_91917
942 _2ddc
_cBB
999 _c10554
_d10554